00788nam a22002177a 450000500170000001000150001702000260003203500130005803700130007108200120008424501140009626000410021027000480025130000210029950000200032070000320034070000220037294200240039499900170041895201350043520100825103446.0 aENG-101366 a9788184244427c650.00 aEN-84899 bDBAD/PUB a358.174 aNew technologies for rural development having potential of comercialisation /cedited by Jai Prakash Shukla  aNew Delhi bAllied Publishers c2009 aA-104 mayapuri Phase IIbNew Delhi e110064 ax,270pc25cm(Hb) aincludes index  aShukla, jai Prakash 916564 aMondal D P916565 2ddccENh358.9mNEW c43065d43065 001040718NFICaDBADbDBADd2010-08-25eDBAD/PUBg650.00l0o358.9 NEWpEN-84899r2010-08-25 00:00:00t1v650.00w2010-08-25yEN